| 000 | 01072cam a22003257a 4500 | ||
|---|---|---|---|
| 003 | CHAP | ||
| 005 | 20220817041846.0 | ||
| 008 | 971013s1976 r 00010 d | ||
| 010 | _a26731 | ||
| 011 | _a27703 | ||
| 035 | _a31804 | ||
| 040 | _cCHAP | ||
| 082 |
_a382.6972 _bI5 1971-75 |
||
| 110 |
_aInstituto Mexicano de Comercio Exterior _959249 |
||
| 245 | 0 | _aCinco años de comercio exterior, (1971-1975) | |
| 260 |
_a(México, D.F.) : _bInstituto Mexicano de Comercio Exterior, _c(1976) |
||
| 300 |
_a124 p. _b; apénd. ; gráfs |
||
| 490 | 0 |
_aPublicación _v; 410 |
|
| 590 |
_aBATCH-UPD _b10 _c20130110 _lUCH01 _h1330 |
||
| 590 |
_aBATCH-UPD _b10 _c20130410 _lUCH01 _h0836 |
||
| 590 |
_aBATCH-UPD _b10 _c20130914 _lUCH01 _h1013 |
||
| 590 |
_aCONVERSION _b10 _c20130109 _lUCH01 _h1315 |
||
| 650 | 1 | 4 |
_aAranceles. _96487 |
| 650 | 1 | 4 |
_aComercio exterior _zMéxico. _925638 |
| 650 | 1 | 4 |
_aComercio _zMéxico. _925624 |
| 830 | 0 |
_aPublicación _v; 810 |
|
| 901 | _aBK | ||
| 942 | _cLIBRO | ||
| 949 |
_a382.6972 I5 1971-75 _bBC _cLIBRO _d33724000432803 _eLIBRO _h38338 _i31804 _mD _si |
||
| 999 |
_c26731 _d26731 |
||